| 000 | 00433pab a2200157 454500 | ||
|---|---|---|---|
| 008 | 180718b2007 xxu||||| |||| 00| 0 eng d | ||
| 100 | _aBratsberg, Bernt | ||
| 245 | _aNonlinearities in intergenerational earnings mobility: consequences for cross-country comparisons | ||
| 260 | _c2007 | ||
| 300 | _ap.C72-C92. | ||
| 362 | _aMar | ||
| 650 | _aOccupational mobility | ||
| 773 | _aEconomic Journal | ||
| 908 | _aN | ||
| 909 | _a74499 | ||
| 999 |
_c74499 _d74499 |
||